MOHLO BY VÁS ZAUJÍMAŤ...

Bibliographic Details
Format: Article
Language:Slovak

MARC

LEADER 00000nab a2200000ua 4500
001 vtls010784755
003 SK-MaSNL
005 20260225191413.0
008 230131s1969 xo |||||||||||||||||slo|
035 |a (urnnbn)urn:nbn:sk:snk:ar-a002dl 
035 |a (uuid)5b1edf09-5c22-48ed-9acf-5ea1b9d64aac 
035 |a urn:nbn:sk:snk-ab4zhx 
040 |a SNKBUCL  |b slo  |c SNKBUCL  |e AACR2 
041 0 |a slo 
044 |a xo  |c SK 
245 0 0 |a MOHLO BY VÁS ZAUJÍMAŤ... 
773 0 |t Včelár : odborný časopis Povereníctva poľnohospodárstva a lesného hospodárstva a Ústredia včelárskych združení na Slovensku  |g Roč. 43, č. 1 (1969), s. 12-13 
954 |a odborná, vedecká literatúra pôvodná (slovenská)  |2 lita 
958 |a OND 
958 |a EUIPO 
958 |a article3 
999 |c 1908204  |d 1910134